00706nam a2200205Ia 450000500170000000800410001702000220005804000190008004100120009908200150011124501090012626000480023530000450028344000390032850400600036765000170042765100230044470000230046785000100049020220704152525.0131103s9999 xx 000 0 und d a521004683cRs 975 aLoreto College aEnglish a304.6bMAC aHuman Population dynamicsb Cross-Disciplinary Perspectives cEdited by Helen Macbeth and Paul Collinson aCambridgebCambridge University Pressc2002 axvi,224p, graphs,charts, tables 22.5 cm. aBiosocial Society Symposium Series aIncludes bibliographical references, glossary and index aAnthropology aHuman Population  aMacbeth, Helen, ed aLCLIB